Biblioteca

De piedra en piedra (Registro nro. 40144)

Detalles MARC
000 -LÍDER
Campo fijo de descripción fija 01400aam a2200277 4500
001 - NÚMERO DE CONTROL
Campo de control 10668
003 - IDENTIFICADOR DEL NÚMERO DE CONTROL
Campo de control CO-MdFUSB
005 - FECHA Y HORA DE LA ULTIMA TRANSACCIÓN
control field 20171013092729.0
008 - ELEMENTOS DE LONGITUD FIJA -- INFORMACIÓN GENERAL
Campo fijo de descripción fija -- Información general 170327t2000 xxu||||| |||| 00| 0 spa d
020 ## - NÚMERO INTERNACIONAL NORMALIZADO PARA LIBROS
Número Internacional Normalizado del libro 0-85151-799-4 : Donación
040 ## - FUENTE DE CATALOGACIÓN
Agencia de catalogación original CO-MdFUSB
Idioma de catalogación spa
Agencia que realiza la transcripción CO-MdFUSB
Agencia que realiza la modificación CO-MdFUSBC
Convenciones de la descripción rda
041 0# - CÓDIGO DE IDIOMA
Código de idioma para texto/pista de sonido o título separado eng
082 04 - NÚMERO DE CLASIFICACIÓN DECIMAL DEWEY
Número de clasificación G 225.1 J457p
100 1# - ASIENTO PRINCIPAL--NOMBRE PERSONAL
Nombre personal Jeffery, Peter,
Fechas asociadas con el nombre 1937-
Término relacionador autor
245 13 - TÍTULO
Título del Material De piedra en piedra
Parte restante del título - Subtitulo : iniciación al estudio del Nuevo Testamento
Mención de responsabilidad, etc. / Peter Jeffery ; traducido por Salvador Gómez Dickson.
250 ## - MENCIÓN DE EDICIÓN
Mención de edición Primera edición
264 #1 - PRODUCCIÓN, PUBLICACIÓN, DISTRIBUCIÓN, MANUFACTURA, Y COPYRIGHT
Lugar de producción, publicación, distribución, manufactura Gran Bretaña:
Nombre del productor, publicador, distribuidor El Estandarte de la Verdad,
Fecha de producción, publicación, distribución, manufactura, o copyright [2000]
300 ## - DESCRIPCIÓN FÍSICA
Extensión 199 páginas
336 ## - TIPO DE CONTENIDO
Fuente rdacontent
Término de tipo de contenido texto
Código de tipo de contenido txt
337 ## - TIPO DE MEDIO
Fuente rdamedia
Nombre del tipo de medio sin mediación
Código del tipo de medio n
338 ## - TIPO DE SOPORTE
Fuente rdacarrier
Nombre del tipo de soporte volumen
Código Tipo de soporte nc
505 00 - NOTA DE CONTENIDO
Nota de contenido con formato preestablecido \I. Los cuatro evangelios -- Mateo -- Marcos -- Lucas -- Juan -- El evangelio en los evangelios \ II. Mapas: Palestina en los tiempos del Nuevo Testamento -- Viajes Misioneros de Pablo -- Las siete iglesias de Roma III. Hechos -- Pablo, el hombre y sus cartas -- Romanos -- Las Epístolas a los Corintios -- Gálatas -- Efesios -- Filipenses -- Colosenses -- Las Epístolas a los Tesalonicenses -- Las Epístolas Pastorales -- Filemón -- Hebreos -- Santiago -- 1 y 2 de Pedro -- Las Epístolas de Juan -- Judas -- Apocalipsis.
563 ## - NOTA DE ENCUADERNACIÓN
Nota de encuadernación rústico
630 07 - TITULO UNIFORME
Título uniforme Biblia.
Nombre de parte o sección de la obra Nuevo Testamento
942 ## - TIPO DE MATERIAL (KOHA)
Tipo de Item KOHA Libros General
Existencias
Estado de Material Estado de Perdido Estado de Dañado No para Préstamo Colección Tomo Biblioteca de Origen Biblioteca Permanente Fecha de Adquisición Total de Préstamos Signatura Topográfica Código de Barras Última vez visto Última vez Préstado Ejemplar/Existencia Fecha de Remplazo Tipo de Material
        Colección General   Biblioteca FUSBC Biblioteca FUSBC 22/09/2010 1 G 225.1 J457p 2675 13/11/2024 20/05/2017 1 26/01/2016 Libros General

Biblioteca FUSBC | Teléfono: (57+4) 349 88 10 Ext. 141| WhatsApp (+57) 3005338115 
E-mail: biblioteca@unisbc.edu.co | Calle 76 87-14 Robledo Palenque, Medellín, Colombia

Con tecnología Koha